Undergraduate chemistry volume-II : (Record no. 146225)

MARC details
000 -LEADER
fixed length control field 00963nam a22002417a 4500
005 - DATE AND TIME OF LATEST TRANSACTION
control field 20180201143446.0
010 ## - LCCN (DPL NO)
LC control number 1718EN-30 ENG-121730
020 ## - INTERNATIONAL STANDARD BOOK NUMBER
International Standard Book Number 9789381162057
Terms of availability 325.00
035 ## - SYSTEM CONTROL NUMBER
System control number EN-105262
035 ## - SYSTEM CONTROL NUMBER
System control number B-686968-974
037 ## - SOURCE OF ACQUISITION
Source of stock number/acquisition Ane Books
Stock number dpl
037 ## - SOURCE OF ACQUISITION
Source of stock number/acquisition DBAD/PUB
082 ## - DEWEY DECIMAL CLASSIFICATION NUMBER
Classification number 541
100 ## - MAIN ENTRY--PERSONAL NAME
Personal name Datta, S.C.
245 ## - TITLE STATEMENT
Title Undergraduate chemistry volume-II :
Statement of responsibility, etc by S.C. Datta
Remainder of title (semester-II course, including practicals) /
260 ## - PUBLICATION, DISTRIBUTION, ETC. (IMPRINT)
Place of publication, distribution, etc New Delhi
Name of publisher, distributor, etc Ane Books
Date of publication, distribution, etc 2015
270 ## - ADDRESS
Address 4821, Parwana Bhawan, Ist Floor, 24 Ansari Road, Daryaganj,
City New Delhi
Postal code 110002
300 ## - PHYSICAL DESCRIPTION
Extent xxi,380p.
Dimensions 23cm(pbk)
490 ## - SERIES STATEMENT
Series statement Ane's student edition
500 ## - GENERAL NOTE
General note Includes index
942 ## - ADDED ENTRY ELEMENTS (KOHA)
Source of classification or shelving scheme Dewey Decimal Classification
Item type English Books
Call number suffix DAT
Classification part 541
Holdings
Withdrawn status Lost status Not for loan Collection code Home library Current library Date acquired Source of acquisition Cost, normal purchase price Full call number Barcode Copy number Cost, replacement price Koha item type
      Non-fiction Ashok Vihar Ashok Vihar 01/02/2018 Ane/ABPL/17-18/2149/29.11.17/BPPD/EN/17-18/635/21.11.2017/ 6.1.2018 325.00 541 DAT B-686969 1 325.00 English Books
      Non-fiction Bawana Bawana 01/02/2018 Ane/ABPL/17-18/2149/29.11.17/BPPD/EN/17-18/635/21.11.2017/ 6.1.2018 325.00 541 DAT B-686972 1 325.00 English Books
      Non-fiction Central Library Central Library 01/02/2018 Ane/ABPL/17-18/2149/29.11.17/BPPD/EN/17-18/635/21.11.2017/ 6.1.2018 325.00 541 DAT B-686968 1 325.00 English Books
    Not For Loan Non-fiction D.B.Act.Division D.B.Act.Division 05/12/2017 DBAD/PUB 325.00 541 DAT EN-105262 1 325.00 English Books
      Non-fiction Janak Puri Janak Puri 01/02/2018 Ane/ABPL/17-18/2149/29.11.17/BPPD/EN/17-18/635/21.11.2017/ 6.1.2018 325.00 541 DAT B-686971 1 325.00 English Books
      Non-fiction Patel Nagar Patel Nagar 01/02/2018 Ane/ABPL/17-18/2149/29.11.17/BPPD/EN/17-18/635/21.11.2017/ 6.1.2018 325.00 541 DAT B-686970 1 325.00 English Books
      Non-fiction Shahdara Branch Shahdara Branch 01/02/2018 Ane/ABPL/17-18/2149/29.11.17/BPPD/EN/17-18/635/21.11.2017/ 6.1.2018 325.00 541 DAT B-686973 1 325.00 English Books
      Non-fiction Vigyan Vihar Vigyan Vihar 01/02/2018 Ane/ABPL/17-18/2149/29.11.17/BPPD/EN/17-18/635/21.11.2017/ 6.1.2018 325.00 541 DAT B-686974 1 325.00 English Books

© Delhi Public Library
Hit Counter
free hit counter